The art of photography :an approach to personal expression / (Record no. 1293)

000 -LEADER
fixed length control field 02234cam a2200361 a 4500
001 - CONTROL NUMBER
control field 16209856
003 - CONTROL NUMBER IDENTIFIER
control field OSt
005 - DATE AND TIME OF LATEST TRANSACTION
control field 20140324124913.0
008 - FIXED-LENGTH DATA ELEMENTS--GENERAL INFORMATION
fixed length control field 100429s2010 caua 001 0 eng
010 ## - LIBRARY OF CONGRESS CONTROL NUMBER
LC control number 2010015511
015 ## - NATIONAL BIBLIOGRAPHY NUMBER
National bibliography number GBB081963
Source bnb
016 7# - NATIONAL BIBLIOGRAPHIC AGENCY CONTROL NUMBER
Record control number 015595606
Source Uk
020 ## - INTERNATIONAL STANDARD BOOK NUMBER
International Standard Book Number 9781933952680
020 ## - INTERNATIONAL STANDARD BOOK NUMBER
International Standard Book Number
035 ## - SYSTEM CONTROL NUMBER
System control number (OCoLC)ocn611035291
040 ## - CATALOGING SOURCE
Original cataloging agency DLC
Transcribing agency DLC
Modifying agency YDX
-- UKM
-- YDXCP
-- WIQ
-- SGB
-- DLC
050 00 - LIBRARY OF CONGRESS CALL NUMBER
Classification number TR642.B364 2010
100 1# - MAIN ENTRY--PERSONAL NAME
Personal name Barnbaum, Bruce,
Dates associated with a name 1943-
245 14 - TITLE STATEMENT
Title The art of photography :an approach to personal expression /
Statement of responsibility, etc Bruce Barnbaum.
250 ## - EDITION STATEMENT
Edition statement
260 ## - PUBLICATION, DISTRIBUTION, ETC. (IMPRINT)
Place of publication, distribution, etc Santa Barbara, CA :
Name of publisher, distributor, etc Rocky Nook ;
Place of publication, distribution, etc Sebastopol, CA :
Name of publisher, distributor, etc Distributed by O'Reilly Media,
Date of publication, distribution, etc c2010.
300 ## - PHYSICAL DESCRIPTION
Extent xi, 351 p. :
Other physical details ill. (some col.) ;
Dimensions 26 cm.
500 ## - GENERAL NOTE
General note Includes index.
500 ## - GENERAL NOTE
General note "Originally published in 1994"--p. [4] of cover.
500 ## - GENERAL NOTE
General note "Completely updated to address digital issues throughout"--p. [4] of cover.
505 0# - FORMATTED CONTENTS NOTE
Formatted contents note Communication through photography -- What is composition? -- Elements of composition -- Visualization -- Light -- Color -- Filters -- The zone system of exposure for film -- The black=and-white negative and contrast control--the extended zone system -- The print -- The digital zone system -- Presentation -- Exploding photographic myths -- Photographic techniques and artistic integrity -- Photographic realism, abstraction, and art -- Thoughts on creativity -- Approaching creativity intuitively -- Toward a personal philosophy.
520 ## - SUMMARY, ETC.
Summary, etc Creative, expressive, artistic photography has been the centerpiece from the beginning, and it remains the centerpiece in the new book. It will be a complete book in its technical information and clear explanations, but it all focuses on putting the technical aspects to use for personally expressive purposes. The illustrations include some of Bruce's best known imagery, as well as many new images never previously published or displayed. --from publisher description
650 #0 - SUBJECT ADDED ENTRY--TOPICAL TERM
Topical term or geographic name as entry element Photography, Artistic.
650 #0 - SUBJECT ADDED ENTRY--TOPICAL TERM
Topical term or geographic name as entry element Photography.
906 ## - LOCAL DATA ELEMENT F, LDF (RLIN)
a 7
b cbc
c orignew
d 1
e ecip
f 20
g y-gencatlg
942 ## - ADDED ENTRY ELEMENTS (KOHA)
Source of classification or shelving scheme
Koha item type Book
Holdings
Withdrawn status Lost status Source of classification or shelving scheme Damaged status Not for loan Home library Current library Shelving location Date acquired Total Checkouts Full call number Barcode Date last seen Date checked out Copy number Price effective from Koha item type Checked out
          Riara University Library Riara University Library General stack 24/03/2014 1 TR642.B364 2010 4624/14 09/01/2019 17/10/2017 C.1 24/03/2014 Book  
          Riara University Library Riara University Library General stack 24/03/2014   TR642.B364 2010 4625/14 24/03/2014   C.2 24/03/2014 Book  
          Riara University Library Riara University Library General stack 24/03/2014 2 TR642.B364 2010 4626/14 18/07/2018 17/07/2018 C.3 24/03/2014 Book  
          Riara University Library Riara University Library General stack 24/03/2014 6 TR642.B364 2010 4627/14 21/05/2015 15/04/2015 C.4 24/03/2014 Book  
          Riara University Library Riara University Library General stack 24/03/2014 2 TR642.B364 2010 4628/14 18/07/2018 17/07/2018 C.5 24/03/2014 Book  
          Riara University Library Riara University Library General stack 25/03/2015 2 TR642.B364 2010 5454/15 13/06/2016 13/06/2016 C.6 25/03/2015 Book 29/06/2016
          Riara University Library Riara University Library General stack 25/03/2015 1 TR642.B364 2010 5455/15 23/10/2017 17/10/2017 C.7 25/03/2015 Book  
          Riara University Library Riara University Library General stack 25/03/2015 1 TR642.B364 2010 5456/15 19/07/2018 18/07/2018 C.8 25/03/2015 Book  

Riara University Library,
P.O. Box 49940-00100,
Nairobi, Kenya.